Zákon Národnej rady Slovenskej republiky o rozpočtových pravidlách úplné znenie zákona NR SR č. 303/1995 Z.z. o rozpočtových pravidlách, ako vyplýva zo zmien ...

Saved in:
Bibliographic Details
Format: Book
Language:Slovak
Published: Bratislava Ministerstvo financií SR [1999]
Subjects:
Tags: Add Tag
No Tags, Be the first to tag this record!

MARC

LEADER 00000nam a2200000 4500
001 c117539
005 20221102133216.1
041 0 |a slo 
044 |a SK 
245 1 0 |a Zákon Národnej rady Slovenskej republiky o rozpočtových pravidlách  |b úplné znenie zákona NR SR č. 303/1995 Z.z. o rozpočtových pravidlách, ako vyplýva zo zmien ... 
264 1 |a Bratislava  |b Ministerstvo financií SR  |c [1999] 
300 |a Preruš. str. 
610 2 0 |a pravidlá rozpočtové 
610 2 0 |a rozpočet štátny 
610 2 0 |a Slovensko 
610 2 0 |a 1995